The determinants of TFP growth for Malaysia's electrical & electronics industry /
Saved in:
| Main Author: | |
|---|---|
| Format: | Thesis Book |
| Language: | English |
| Published: |
2011.
|
| Subjects: | |
| Tags: |
Add Tag
No Tags, Be the first to tag this record!
|
| LEADER | 01230cam a2200289 a 4500 | ||
|---|---|---|---|
| 001 | u866331 | ||
| 003 | SIRSI | ||
| 005 | 201210081224 | ||
| 008 | 121008s2011 my a t 000 0 eng m | ||
| 040 | |a UMM | ||
| 043 | |a a-my--- | ||
| 090 | |a HB71 |b UM 2011 Yog | ||
| 100 | 0 | |a Yogitha Balakrishnan. | |
| 245 | 1 | 4 | |a The determinants of TFP growth for Malaysia's electrical & electronics industry / |c Yogitha a/p Balakrishnan. |
| 260 | |c 2011. | ||
| 300 | |a xi, 70 leaves : |b ill. ; |c 30 cm. | ||
| 502 | |a Dissertation (M.Ec.) -- Jabatan Statistik Gunaan, Fakulti Ekonomi dan Pentadbiran, Universiti Malaya, 2011. | ||
| 504 | |a Includes bibliographical references. | ||
| 596 | |a 1 | ||
| 650 | 0 | |a Industrial productivity |z Malaysia |x Econometric models. | |
| 650 | 0 | |a Manufacturing industries |x Technological innovations |z Malaysia. | |
| 650 | 0 | |a Manufacturing industries |x Economic aspects |z Malaysia. | |
| 650 | 0 | |a Electronic industries |z Malaysia |x Technological innovations. | |
| 650 | 0 | |a Investments, Foreign |z Malaysia |x Econometric models. | |
| 710 | 2 | 0 | |a Universiti Malaya. |b Jabatan Statistik Gunaan. |
| 900 | |a ZA | ||
| 999 | |a HB71 UM 2011 YOG |w LC |c 1 |i A515297765 |d 25/3/2013 |e 25/3/2013 |f 25/1/2013 |g 1 |l STACKS |m P01UTAMA |n 1 |r Y |s Y |t TESIS |u 23/1/2013 | ||
